Músicas y prácticas sonoras en el Caribe colombiano. Volumen 2, Multiculturalismo y prácticas musicales en la industria /

Bibliographic Details
Other Authors: Ochoa Escobar, Federico, 1977- (Editor), Rojas, Juan Sebastián, 1988- (Editor)
Format: Electronic eBook
Language:Spanish
Published: Santiago de Cali : [Medellín, Colombia] : [Bogotá, Colombia] : Sello Editorial Javeriano Cali ; Universidad de Antioquia ; Universidad de los Andes, 2022.
Series:Culturas musicales en Colombia.
Subjects:
Online Access:Digitalia Hispánica

MARC

LEADER 00000nam a2200000 i 4500
001 DIGEPUJ0425
003 NyNyDIG
007 cr |||||||||||
008 240112s2022 ck a ob 000 0 spa d
006 m o d
035 |a (OCoLC)1411308524 
040 |a DGITA  |b eng  |e rda  |e pn  |c DGITA 
020 |a 9786287618442  |q eBook  |q pdf 
020 |a 9786287618435  |q eBook  |q ePub 
020 |z 9786287618428 
043 |a s-ck--- 
050 1 4 |a ML234.7.P3 ebook 
245 0 0 |a Músicas y prácticas sonoras en el Caribe colombiano.  |b Volumen 2,  |p Multiculturalismo y prácticas musicales en la industria /  |c Federico Ochoa Escobar, Juan Sebastián Rojas (editores). 
246 3 0 |a Multiculturalismo y prácticas musicales en la industria 
264 1 |a Santiago de Cali :  |b Sello Editorial Javeriano Cali ;  |a [Medellín, Colombia] :  |b Universidad de Antioquia ;  |a [Bogotá, Colombia] :  |b Universidad de los Andes,  |c 2022. 
300 |a 1 online resource :  |b illustrations. 
336 |a text  |b txt  |2 rdacontent 
337 |a computer  |b c  |2 rdamedia 
338 |a online resource  |b cr  |2 rdacarrier 
347 |a text file  |2 rdaft 
347 |b EPUB 
490 1 |a Culturas musicales en Colombia 
504 |a Includes bibliographical references. 
588 0 |a Online resource; title from ePub title page (Digitalia, viewed January 12, 2024) 
650 0 |a Folk music  |z Colombia  |z Atlantic Coast Region  |x History and criticism. 
700 1 |a Ochoa Escobar, Federico,  |d 1977-  |e editor. 
700 1 |a Rojas, Juan Sebastián,  |d 1988-  |e editor. 
791 2 |a Digitalia (Firm),  |e distributor. 
793 0 |g Digitalia eBook Collection:  |a Pontificia Universidad Javeriana 
776 0 8 |i Print version:  |t Músicas y prácticas sonoras en el Caribe colombiano. Volumen 2, Multiculturalismo y prácticas musicales en la industria.  |d Santiago de Cali : Sello Editorial Javeriano Cali ; [Medellín, Colombia] : Universidad de Antioquia ; [Bogotá, Colombia] : Universidad de los Andes, [2022]  |z 9786287618039 
830 0 |a Culturas musicales en Colombia. 
856 4 0 |3 Digitalia Hispánica  |u https://www.digitaliapublishing.com/a/133190/ 
910 |a Premium collection: 2024